000 00773cab a2200241 4500
001 ABS55369
008 090401t1996 xxu||||| |||| 00| 0 eng d
035 _a(Sirsi) u16012
041 _aeng
100 _aMcAllister, P.
245 2 _aA note on the analysis of stepped rentals
260 _c1996
350 _a0
490 _aRent Review & Lease Renewal
_v16(2) June 1996, 16-20(5)
520 _aConcentrates on the problems of analysing the effects of stepped rentals - an arrangement whereby the tenant`s rent rises annually to pre-agreed levels.
650 _aLEASE INDUCEMENTS
650 _aRENT REVIEWS
650 _aRENTAL VALUES
650 _aSTEPPED RENTALS
690 _aLANDLORD AND TENANT-BUSINESS TENANCIES
942 _n0
948 _c04/03/1997
999 _c10532
_d10532